000 00367 a2200157 4500
001 120473
020 _a9788540314559
040 _cEscola Canadense de Niteroi
100 _aGalvão, Rute
245 1 0 _aPensar, refletir e filosofar 6º ano
250 _a2. ed.
300 _bil.
490 0 _aPensar, refletir & filosofar
650 4 _aFilosofia
942 _cBK
999 _c120473
_d120473